A carregar...

Laboratory exercises in plant pathology: An instructional Kit

Detalhes bibliográficos
Autor principal: ABAM Baudoin
Formato: Printed Book
Idioma:Undetermined
Publicado em: Jodhpur Scientific publishers 1990
Assuntos:
LEADER 00754nam a2200253Ia 4500
008 141004s9999 xx 000 0 und d
020 |a 81 85046 86 7 
040 |c a 
041 |a English 
082 |a 632 
082 |b BAU/LA 
100 |a ABAM Baudoin 
245 |a Laboratory exercises in plant pathology: An instructional Kit 
245 |c ABAM Baudoin 
260 |a Jodhpur 
260 |b Scientific publishers 
260 |c 1990 
300 |a 196 p.  
300 |b 28.5 cm 
501 |a COF  
650 |a Plant virus 
942 |c BK 
999 |c 172240  |d 172240 
952 |0 0  |1 0  |4 0  |6 632_000000000000000_BAU_LA  |7 0  |9 177428  |a KAUCOF  |b KAUCOF  |o 632 BAU/LA  |p KAU_COF-2436  |r 2014-10-04  |w 2014-10-04  |y BK